Antike und byzantinische Kleinkunst aus ausländischem und Münchener Privatbesitz : Glas, Keramik, Bronzen, Arbeiten in Stein, aegyptische Kleinfunde.
محفوظ في:
مؤلف مشترك:
التنسيق: كتاب
اللغة: German
منشور في:
Munchen,
1913.
الموضوعات:
الوسوم: إضافة وسم
لا توجد وسوم, كن أول من يضع وسما على هذه التسجيلة!
رقم الطلب: N5335 .A6 1913
| LEADER | 00868namaa2200253 4500 | ||
|---|---|---|---|
| 001 | 25145 | ||
| 003 | OSt | ||
| 005 | 20250819102838.0 | ||
| 008 | 130303s1913 gw af c 000 0 ger d | ||
| 040 | |c ARCE Library | ||
| 043 | |a e-gx--- | ||
| 050 | 4 | |a N5335 .A6 1913 | |
| 110 | 2 | |a Galerie Hugo Helbing. | |
| 245 | 1 | 0 | |a Antike und byzantinische Kleinkunst aus ausländischem und Münchener Privatbesitz : |b Glas, Keramik, Bronzen, Arbeiten in Stein, aegyptische Kleinfunde. |
| 264 | 1 | |a Munchen, |c 1913. | |
| 300 | |a 65 pages, 33 leaves of plates : |b illustrations ; |c 30 cm. | ||
| 500 | |a Auction held in Munich at the Galerie Helbing 28-30 October, 1913. | ||
| 650 | 0 | |a Art, Classical |x Catalogs. | |
| 650 | 0 | |a Art, Byzantine |x Catalogs. | |
| 650 | 0 | |a Art, Egyptian. | |
| 650 | 0 | |a Classical antiquities |x Catalogs. | |
| 901 | |a reviewed | ||
| 942 | |c BK |2 lcc | ||
| 999 | |c 21105 |d 21105 | ||
